Indian elections and election petitions: a book of complete and up-to-date information on fact, and procedure in relation to all elections, meant for everybody (Record no. 426869)

000 -LEADER
fixed length control field 00484cam a22001217a 4500
008 - FIXED-LENGTH DATA ELEMENTS--GENERAL INFORMATION
fixed length control field 180718b1952 xxu||||| |||| 00| 0 eng d
082 ## - DEWEY DECIMAL CLASSIFICATION NUMBER
Classification number F803x54 Sr38
100 ## - MAIN ENTRY--PERSONAL NAME
Personal name Srivastava, Gur Sharan Lal
245 ## - TITLE STATEMENT
Title Indian elections and election petitions: a book of complete and up-to-date information on fact, and procedure in relation to all elections, meant for everybody
Statement of responsibility, etc. by Gur Sharan Lal Srivastava
260 ## - PUBLICATION, DISTRIBUTION, ETC.
Place of publication, distribution, etc. Lucknow
Name of publisher, distributor, etc. Eastern Book
Date of publication, distribution, etc. 1952
300 ## - PHYSICAL DESCRIPTION
Extent v.p.
650 ## - SUBJECT ADDED ENTRY--TOPICAL TERM
Topical term or geographic name entry element Elections-India
Holdings
Withdrawn status Lost status Damaged status Not for loan Permanent Location Current Location Date acquired Full call number Barcode Date last seen Price effective from Koha item type
        Indian Institute of Public Administration Indian Institute of Public Administration 2009-11-05 F803x54 Sr38 3776 2018-07-21 2018-07-21 Book

Powered by Koha